000 00663nam a2200193Ia 4500
003 GCL
008 140319s9999 xx 000 0 ara d
040 _aGCL /
_cGCL
082 0 4 _a407.7
_bا م
100 1 _aالادارة العامة للفنون الجميلة
245 1 0 _aمعرض فن الكتابة تقيمة وزارة الثقافة بالاشتراك مع اليونسكو /
_cالادارة العامة للفنون الجميلة
260 _a[S.N] :
_bوزارة الثقافة ،
_c1968
300 _a68 ص
490 _a
650 0 4 _aالكتابة
650 0 4 _aالكتابة الفنية
650 0 4 _aاوربا
942 _2ddc
_cBK
999 _c36435
_d36435